0, Zero, Zip, Zilch (Multiple Choice) Quiz Stats

 Plays Quiz Updated Aug 2, 2017

Support Sporcle.
Go Orange.
Score 0/12 Timer 03:00
1 Play Today
Question Answer Wrong Answers
Which was the title of Kathryn Bigelow's dramatization of the hunt for Osama Bin Laden? Zero Dark Thirty
86.5%
Zero Chance
1.5%
Ground Zero
7.2%
Zero Tolerance
2.9%
Which of these temperature scales has 0 degrees as the freezing point of water? Celsius
74.8%
Fahrenheit
7%
Kelvin
6.8%
Rankine
1.1%
Which movie featured the song 'Zero to Hero' ? Hercules
70.8%
The Hunchback of Notre Dame
11.6%
Pocahontas
1.8%
Shrek
15.3%
The term 'patient zero' as a reference to the index case or initial person of an epidemic was first used, incorrectly, to describe Gaƫtan Dugas and his having which viral infection? HIV/AIDS
61.3%
Avian influenza
6.6%
Ebola
19.2%
Zika virus
4.7%
Which of the following cars is not a zero-emissions vehicle? Toyota Prius
47.4%
Nissan Leaf
8.9%
Tesla Model S
13.7%
Honda FCX Clarity
29%
Which artist's first single was the song 'Less Than Zero'? Elvis Costello
44.2%
The Clash
14.8%
Sex Pistols
12.8%
Phil Collins
21.5%
Which actor was not a star of the film Less Than Zero? Charlie Sheen
40.1%
James Spader
15.7%
Robert Downey Jr.
19.6%
Andrew McCarthy
15.8%
Which basketball Hall of Famer wore the number 00 for his entire NBA Career? Robert Parish
39.9%
Bob Pettit
9.5%
Wilt Chamberlain
37%
John Havlicek
10.3%
The term 'Ground Zero' was first used in reference to which of the following? Atomic bombs' detonation location
38.5%
Columbus' arrival in the new world
1.1%
The World Trade Center
51.1%
The launch of Sputnik 1
2.2%
Which band from the UK performed the Billboard top 20 hit 'Saved by Zero'? The Fixx
35.6%
Katrina and the Waves
14.5%
The Psychedelic Furs
22.9%
Echo & the Bunnymen
22.2%
Which company produces the ZERO candy bar, composed of a combination of caramel, peanut and almond nougat covered with a layer of white fudge? Hershey
26.3%
Mars
40.4%
Necco
12.4%
Cadbury
11.4%
Which movie did not star Zero Mostel? Fiddler on the Roof
24.9%
A Funny Thing Happened on the Way to the Forum
17.1%
The Producers (1967)
15.1%
Sirocco
32.8%

You're not logged in!

Compare scores with friends on all Sporcle quizzes.
OR
Log In
Forgot?

From the Vault

Word-Sharing Artists

by vikZ

We could probably find 1,000 different hard rock and metal bands that share the word 'black' in their names.
Remove Ads.
Support Sporcle.
Get the best of Sporcle when you Go Orange. This ad-free experience offers more features, more stats, and more fun while also helping to support Sporcle. Thank you for becoming a member.

Show Comments

Extras

Top Quizzes Today


Score Distribution

Your Account Isn't Verified!

In order to create a playlist on Sporcle, you need to verify the email address you used during registration. Go to your Sporcle Settings to finish the process.

Report this User

Report this user for behavior that violates our Community Guidelines.

Details: